Dérivées de fonctions de x - Statistiques

Statistiques générales
  • Ce quiz a été pris 119 fois
  • Le résultat moyen est 3 sur 16
Statistiques - réponses
Fonctions Dérivées % Correct
x^4 4x^3
95%
1/(2x+5) -2/(2x+5)^2
62%
2x^(2)+2x+2 4x+2
33%
arctan(x) 1/(1+x^2)
26%
3x^(5)+5x^(3)+3x+5 15x^(4)+15x^(2)+3
26%
x^(2/5) 2x^(-3/5)/5
25%
x^(4)sin(x) 4x^(3)sin(x)+x^(4)cos(x)
13%
int(0,3pi/2,x,sin(x)+3x^2) 0
11%
cosh(x) sinh(x)
8%
2exp(4x^(2)+2) 16xexp(4x^(2)+2)
6%
ln(t^(4)+arcsin(3t))+20x 20
4%
ln(2cos(x^(2))) -2xtan(x^2)
2%
(3x+2)/x^(3) 6(-x+1)/x^(4)
2%
int(0,x,t,sin(t)+3t^2) sin(x)+3x^2
2%
int(-pi,pi,t,t^(4)x^(3)+2x) int(-pi,pi,t,3t^(4)x^(2)+2)
1%
t^(3t+2)/4x^4 -t^(3t+2)/x^5
1%
Aucun quiz correspondant
Distribution des résultats
% des personnes avec chaque résultat
Percentile par nombre de réponses
Votre historique - résultats
Vous n’avez pas pris ce quiz